000 00285 a2200073 4500
245 0 _aTelekomunikacyjne sieci kablowe, mufy izolacyjne (instrukcja montażowa) /
_cŻołątkowski L., Godlewska L..
710 2 _aInstytut Łączności.
_eWydawca
_4pbl
260 _aWarszawa :
_bIŁ,
_c1973.
300 _aII, 16 s.;
_c30 cm.
999 _c17601
_d17601